States in any spot of 10 counties - Statistics

General Stats
  • This quiz has been taken 4 times
  • The average score is 8 of 20
Answer Stats
Picture Answer % Correct
Brazil
100%
Alabama
50%
Australia
50%
Canada
50%
Fiji
50%
Florida
50%
Israel
50%
mexico
50%
Mozambique
50%
Papua New Guinea
50%
Rhode island
50%
South sudan
50%
thailand
50%
Washington
50%
calafornia
0%
massachusetts
0%
Michegan
0%
montana
0%
New mexico
0%
South dakota
0%
No matching quizzes found
Score Distribution
Percent of People with Each Score
Percentile by Number Answered
Your Score History
You have not taken this quiz